Volver un día /

Bibliographic Details
Main Author: Cortez, Héctor Fernando, 1997- (Author)
Format: Electronic eBook
Language:Spanish
Published: Popayán, Colombia : Editorial Universidad del Cauca, 2022.
Edition:Primera edición en español.
Series:Narrativa (Universidad de Caldas)
Subjects:
Online Access:Digitalia Hispánica

MARC

LEADER 00000nam a2200000 i 4500
001 DIGUCAUCA0157
003 NyNyDIG
006 m o d
007 cr |||||||||||
008 231008s2022 ck o 000 f spa d
035 |a (OCoLC)1394134869 
040 |a DGITA  |b eng  |e rda  |e pn  |c DGITA 
020 |a 9789587325737  |q eBook 
020 |z 9789587325744 
050 1 4 |a PQ8180.413.O783 ebook 
100 1 |a Cortez, Héctor Fernando,  |d 1997-  |e author. 
245 1 0 |a Volver un día /  |c Héctor Fernando Cortez. 
250 |a Primera edición en español. 
264 1 |a Popayán, Colombia :  |b Editorial Universidad del Cauca,  |c 2022. 
300 |a 1 online resource. 
336 |a text  |b txt  |2 rdacontent 
337 |a computer file  |b c  |2 rdamedia 
338 |a online resource  |b cr  |2 rdacarrier 
347 |a text file  |2 rdaft 
347 |b PDF 
490 1 |a Narrativa  
588 0 |a Online resource; title from PDF title page (Digitalia, viewed October 8, 2023) 
655 7 |a Fiction.  |2 lcgft 
776 0 8 |i Print version:  |a Cortez, Héctor Fernando.  |t Volver un día.  |b Primera edición en español.  |d Popayán, Colombia : Editorial Universidad del Cauca, 2022  |z 9789587325744 
791 2 |a Digitalia (Firm),  |e distributor. 
793 0 |g Digitalia eBook Collection:  |a Universidad del Cauca 
830 0 |a Narrativa (Universidad de Caldas) 
856 4 0 |3 Digitalia Hispánica  |u https://www.digitaliapublishing.com/a/129872/ 
910 |a Premium collection: 2023